|
|
|
|
| LEADER |
01827nam a2200313 a 4500 |
| 001 |
GR-Antirio1029 |
| 008 |
140702s2007 ne g b 001 0 eng d |
| 020 |
|
|
|a 0750679719
|q (pbk.: alk. paper)
|
| 020 |
|
|
|a 9780750679718
|q (pbk.: alk.parer)
|
| 040 |
|
|
|a GrPaTEI
|b gre
|c GR-PaULI
|
| 040 |
|
|
|a GrPaTEI
|b gre
|c GR-PaULI
|
| 082 |
|
0 |
|a 004.69
|2 22
|
| 100 |
1 |
|
|a Chandra, Praphul
|
| 245 |
1 |
0 |
|a Wi-fi telephony :
|b challenges and solutions for voice over WLANs /
|c by Praphul Chandra and David Lide.
|
| 260 |
|
|
|a Amsterdam :
|b Elsevier/ Newnes,
|c 2007
|
| 300 |
|
|
|a xx, 268 σ. :
|b εικ.
|
| 490 |
0 |
|
|a Communications engineering series
|
| 504 |
|
|
|a Περιλαμβάνει βιβλιογραφίες και ευρετήριο.
|
| 650 |
|
0 |
|a Internet telephony
|
| 650 |
1 |
0 |
|a Wireless LANs
|
| 700 |
1 |
|
|a Lide, David R.,
|d 1928-
|
| 710 |
0 |
|
|a Elsevier / Newnes
|
| 942 |
|
|
|2 ddc
|
| 952 |
|
|
|0 0
|1 0
|2 ddc
|4 0
|6 004_690000000000000_CHA
|7 0
|9 262768
|a LISK-2
|b LISK-2
|c BSC
|d 2021-01-17
|e 24
|f 0
|g 0.00
|l 0
|o 004.69 CHA
|p 2430000008098
|r 2021-01-17 00:00:00
|t 1
|w 2021-01-17
|y BK15
|x 20140702 0 ΧΑΣΑΝΗ 1
|x GrPaTEI - Antirrio
|
| 952 |
|
|
|0 0
|1 0
|2 ddc
|4 0
|6 004_690000000000000_CHA
|7 0
|9 262769
|a LISK-2
|b LISK-2
|c BSC
|d 2021-01-17
|e 24
|f 0
|g 0.00
|l 0
|o 004.69 CHA
|p 2430000008099
|r 2021-01-17 00:00:00
|t 1
|w 2021-01-17
|y BK15
|x 20140702 0 ΧΑΣΑΝΗ 1
|x GrPaTEI - Antirrio
|
| 952 |
|
|
|0 0
|1 0
|2 ddc
|4 0
|6 004_690000000000000_CHA
|7 0
|9 262770
|a LISK-2
|b LISK-2
|c BSC
|d 2021-01-17
|e 24
|f 0
|g 0.00
|l 0
|o 004.69 CHA
|p 2430000008100
|r 2021-01-17 00:00:00
|t 1
|w 2021-01-17
|y BK15
|x 20140702 0 ΧΑΣΑΝΗ 1
|x GrPaTEI - Antirrio
|
| 952 |
|
|
|0 0
|1 0
|2 ddc
|4 0
|6 004_690000000000000_CHA
|7 0
|9 262771
|a LISK-2
|b LISK-2
|c BSC
|d 2021-01-17
|e 24
|f 0
|g 0.00
|l 0
|o 004.69 CHA
|p 99243000008101
|r 2021-01-17 00:00:00
|t 1
|w 2021-01-17
|y BK15
|x GrPaTEI - Antirrio
|
| 971 |
|
|
|a .b25708284
|b 15-04-20
|c 12-09-16
|
| 999 |
|
|
|c 151383
|d 151383
|